Sports Quiz

Random Sports or Baseball Quiz

Cincinnati Reds Home Run Leaders 1980-1999 Quiz Stats

 Plays Quiz not verified by Sporcle

Score 0/21 Timer 05:00
0 Plays Today
Hint Answer % Correct
1989Eric Davis
91.5%
1988Eric Davis
91.3%
1987Eric Davis
90.7%
1996Barry Larkin
90.2%
1981George Foster
83.5%
1980George Foster
83.2%
1990Chris Sabo
80%
1993Chris Sabo
80%
1985Dave Parker
64.2%
1986Dave Parker
64.2%
1984Dave Parker
63.8%
Hint Answer % Correct
1999Greg Vaughn
56.8%
1999Greg Vaughn
56.4%
1991Paul O'Neill
56%
1992Paul O'Neill
55.3%
1994Kevin Mitchell
39.5%
1995Ron Gant
34.7%
1982Dan Driessen
30.2%
1998Bret Boone
28.6%
1997Willie Greene
16.5%
1983Gary Redus
16.3%

You're not logged in!

Compare scores with friends on all Sporcle quizzes.
OR
Log In

You Might Also Like...

Show Comments

Extras

Top Quizzes Today


Score Distribution

Your Account Isn't Verified!

In order to create a playlist on Sporcle, you need to verify the email address you used during registration. Go to your Sporcle Settings to finish the process.

Report this User

Report this user for behavior that violates our Community Guidelines.

Details: